00226nam a2200085 4500100002000000245006700020260002600087300000700113650002000120 aPerera,M.K.B.K. aChemical Aspects of Chronic Kidney Disease (CKD) in Sri Lanka  aColombobICHEMCc2016 a31 a Kidney Disease